1番大きい数を選べ! - Statistics

General Stats
  • This quiz has been taken 150 times
  • The average score is 3 of 7
Answer Stats
Question Answer % Correct
Q1 4
98%
Q2 5/7
78%
Q3 (√47)/3
48%
Q4 e^2.5
22%
Q5(∫0→1 xdxは、xを区間0~1で定積分した値とする。) 9.9^3+2.5^3
16%
Q7(∑(10,k=1)kは、1から10までの和とする。) 1.1^50
14%
Q6 π^e-e
12%
No matching quizzes found
Score Distribution
Percent of People with Each Score
Percentile by Number Answered
Your Score History
You have not taken this quiz